|
|
|
|
| LEADER |
00000nam a2200000 a 4500 |
| 001 |
vtls009165838 |
| 003 |
SK-MaSNL |
| 005 |
20260301135508.0 |
| 008 |
160114s2007 xo ol f a 100 0 slo |
| 015 |
|
|
|a SNBA2008/04-01887
|
| 020 |
|
|
|a 9788023202793 (brož.)
|
| 035 |
|
|
|a DC1E0207-40EB-413F-804D-0EE856005B21
|
| 035 |
|
|
|a urn:nbn:sk:snk-amk3uw
|
| 035 |
|
|
|a urn:nbn:sk:snk-am005deb
|
| 040 |
|
|
|a SNK
|b slo
|c SNK
|e AACR2
|
| 041 |
0 |
|
|a slo
|a cze
|b slo
|b cze
|
| 044 |
|
|
|a xo
|c SK
|
| 072 |
|
7 |
|a 624
|x Inžinierske staviteľstvo
|2 konspekt
|
| 080 |
|
|
|a 699.822/.826
|2 2001
|
| 080 |
|
|
|a 624.2/.8
|2 2001
|
| 080 |
|
|
|a 624.19
|2 2001
|
| 080 |
|
|
|a (062.534)
|2 2001
|
| 111 |
2 |
|
|a Hydroizolácie mostov a tunelov
|n (15. :
|d 2007 :
|c Podbanské, Slovensko)
|9 110015
|
| 245 |
1 |
0 |
|a Hydroizolácie mostov a tunelov
|b zborník z [15.] celoštátnej konferencie s medzinárodnou účasťou : 07.-09. november 2007, hotel Permon - Podbanské
|
| 250 |
|
|
|a 1. vyd.
|
| 260 |
|
|
|a Košice
|b Dom techniky
|c 2007
|
| 300 |
|
|
|a 112 s.
|b fotogr., sch., tab.
|c 21 cm
|
| 366 |
|
|
|e 150 výt.
|
| 504 |
|
|
|a Bibliogr. odkazy
|
| 546 |
|
|
|a Text aj čes. Res. slov. a čes.
|
| 650 |
0 |
7 |
|a mosty
|2 SNKH
|9 3015
|
| 650 |
0 |
7 |
|a tunely
|2 SNKPH
|9 14604
|
| 650 |
0 |
7 |
|a hydroizolácia stavieb
|2 SNKPH
|9 67862
|
| 650 |
0 |
7 |
|a Waterproofing of buildings
|2 SNKPHeng
|9 306955
|
| 650 |
0 |
7 |
|a Bridges
|2 SNKPHeng
|9 307418
|
| 650 |
0 |
7 |
|a Tunnels
|2 SNKPHeng
|9 330658
|
| 655 |
|
7 |
|a zborníky konferencií
|2 SNKPH
|9 70153
|
| 655 |
|
7 |
|a Proceedings of conferences
|2 SNKPHeng
|9 265791
|
| 919 |
|
|
|a 978-80-232-0279-3
|
| 958 |
|
|
|a NB
|
| 958 |
|
|
|a OND
|
| 968 |
|
|
|d 62
|
| 999 |
|
|
|c 760430
|d 762360
|
| 952 |
|
|
|a SNK
|b SNK
|y PREZ
|7 0
|p 17A0573336
|o snkSC 130164
|i snk2007/26792
|8 0
|0 0
|1 0
|4 0
|d 2007-12-07
|f 1
|l 0
|r 2025-06-19 00:00:00
|w 2026-02-24
|
| 952 |
|
|
|a SNK
|b SNK
|y VYP
|7 0
|p 17A0573330
|o snkSC 130164 D1
|i snk2007/26793
|8 0
|0 0
|1 0
|4 0
|d 2007-12-07
|l 0
|r 2026-02-24 00:02:35
|w 2026-02-24
|